00881nam a2200301 i 450000100060000000300090000600500170001500800390003201500160007102000150008704000280010204600090013008000120013908000120015110000280016324500560019126000300024730000280027738000160030538800100032150400340033165000150036565000150038065500300039565800280042571000280045385600980048144002KOSZ 00520220608125854.0040309s2004 pl a f f |001 0 pol aPB 2006/656 a8372793808 aWA NcWA NdKOSZ 005/HR k2004 a681.515 a(075.8)1 aBrzózka, JerzyeAutor10aRegulatory i układy automatyki /cJerzy Brzózka. aWarszawa :bMikom,c2004. a342 s. :bil. ;c24 cm. aKsiążki a2001- aBibliogr. s. 333-335. Indeks. 4aAutomatyka 4aRegulatory 4aPodręczniki akademickie aInżynieria i technika2 aWydawnictwo Mikom4pbl. uhttp://koha.tu.koszalin.pl/cgi-bin/koha/opac-detail.pl?biblionumber=44002yKatalog online BPK